Campeões da LaLiga - Statistics

Estatísticas Gerais
  • Esse quiz foi jogado 79 vezes
  • A pontuação média é 60 de 62
Estatísticas das Respostas
Ano Time % Correto
73-74 Barcelona
100%
84-85 Barcelona
100%
90-91 Barcelona
100%
91-92 Barcelona
100%
92-93 Barcelona
100%
93-94 Barcelona
100%
97-98 Barcelona
100%
98-99 Barcelona
100%
04-05 Barcelona
100%
05-06 Barcelona
100%
08-09 Barcelona
100%
09-10 Barcelona
100%
10-11 Barcelona
100%
12-13 Barcelona
100%
14-15 Barcelona
100%
15-16 Barcelona
100%
17-18 Barcelona
100%
18-19 Barcelona
100%
22-23 Barcelona
100%
24-25 Barcelona
100%
63-64 Real Madrid
100%
64-65 Real Madrid
100%
66-67 Real Madrid
100%
67-68 Real Madrid
100%
68-69 Real Madrid
100%
71-72 Real Madrid
100%
74-75 Real Madrid
100%
75-76 Real Madrid
100%
77-78 Real Madrid
100%
78-79 Real Madrid
100%
79-80 Real Madrid
100%
85-86 Real Madrid
100%
86-87 Real Madrid
100%
87-88 Real Madrid
100%
88-89 Real Madrid
100%
89-90 Real Madrid
100%
94-95 Real Madrid
100%
96-97 Real Madrid
100%
00-01 Real Madrid
100%
02-03 Real Madrid
100%
06-07 Real Madrid
100%
07-08 Real Madrid
100%
11-12 Real Madrid
100%
16-17 Real Madrid
100%
19-20 Real Madrid
100%
21-22 Real Madrid
100%
23-24 Real Madrid
100%
65-66 Atletico de Madrid
97%
69-70 Atletico de Madrid
97%
72-73 Atletico de Madrid
97%
76-77 Atletico de Madrid
97%
95-96 Atletico de Madrid
97%
13-14 Atletico de Madrid
97%
20-21 Atletico de Madrid
97%
70-71 Valencia
85%
01-02 Valencia
85%
03-04 Valencia
85%
80-81 Real Sociedad
68%
81-82 Real Sociedad
68%
82-83 Athletic Bilbao
65%
83-84 Athletic Bilbao
65%
99-00 Deportivo La Coruña
60%
Nenhum quiz correspondente encontrado
Distribuição das Pontuações
Porcentagem de Pessoas com Cada Pontuação
Percentil de Números Respondidos
Sua Pontuação Histórica
Você não jogou esse quiz